The complete guide to memory mastery : (Record no. 63923)

MARC details
000 -LEADER
fixed length control field 00690nam a22001817a 4500
005 - DATE AND TIME OF LATEST TRANSACTION
control field 20120309160743.0
020 ## - INTERNATIONAL STANDARD BOOK NUMBER
International Standard Book Number 8122308953
Terms of availability 160.00
035 ## - SYSTEM CONTROL NUMBER
System control number B-162312
037 ## - SOURCE OF ACQUISITION
Stock number DPL
Source of stock number/acquisition ENG
100 ## - MAIN ENTRY--PERSONAL NAME
Personal name Lorayne, Harry
245 ## - TITLE STATEMENT
Title The complete guide to memory mastery :
Remainder of title Organising and developing the power of your mind /
Statement of responsibility, etc by Harry Lorayne
250 ## - EDITION STATEMENT
Edition statement 2nd ed.
260 ## - PUBLICATION, DISTRIBUTION, ETC. (IMPRINT)
Place of publication, distribution, etc Delhi
Name of publisher, distributor, etc Pustak Mahal
Date of publication, distribution, etc 2005
300 ## - PHYSICAL DESCRIPTION
Extent 302p.
Dimensions 20 cms.
942 ## - ADDED ENTRY ELEMENTS (KOHA)
Source of classification or shelving scheme Dewey Decimal Classification
Item type English Books
Classification part 150
Call number suffix LOR
Holdings
Withdrawn status Lost status Not for loan Collection code Home library Current library Date acquired Cost, normal purchase price Full call number Barcode Cost, replacement price Koha item type Public note
      Non-fiction Sarojini Nagar Sarojini Nagar 09/03/2012 160.00 150 LOR B-162312 160.00 English Books Withdrawn List Prepared List No.4/5
      Non-fiction Sarojini Nagar Sarojini Nagar 10/04/2012 160.00 150 LOR B-162316 160.00 English Books Withdrawn List Prepared L.No.06/9

© Delhi Public Library
Hit Counter
free hit counter